Heaven to Hell.

সংরক্ষণ করুন:
গ্রন্থ-পঞ্জীর বিবরন
প্রধান লেখক: LaChapelle, David (Author)
বিন্যাস: গ্রন্থ
প্রকাশিত: Köln, Germany: Taschen, 2006.
বিষয়গুলি:
ট্যাগগুলো: ট্যাগ যুক্ত করুন
কোনো ট্যাগ নেই, প্রথমজন হিসাবে ট্যাগ করুন!

MARC

LEADER 00000nam a22000007a 4500
003 CL-VaPUC
005 20250321101945.0
008 250304t2006 ||||| |||| 00| 0 eng d
999 |c 447099  |d 447097 
020 |a 978-3-8228-2572-3 
040 |c Pontificia Universidad Católica de Valparaíso 
082 7 |a 779.2092 LAC 2006  |2 22 
100 1 |a LaChapelle, David  |e author  |9 896297 
245 |a Heaven to Hell. 
260 |a Köln, Germany:  |b Taschen,  |c 2006. 
300 |a 342 páginas .   |b ilustraciones.  
500 |a c.1. Instituto Arcos 8-1-2025 
583 |c 20250304  |k Cristina María Rojas Aguilar 
650 |a Fotografía escenificada   |9 896298 
650 |a Fotografía de desnudos   |9 896299 
942 |2 ddc  |c BK  |n 0 
952 |0 0  |1 0  |2 ddc  |4 0  |6 779_209200000000000_LAC_2006  |7 0  |8 A  |9 600558  |a BIBINC  |b BIBINC  |d 2025-01-08  |e Instituto Arcos   |i 5665508  |o 779.2092 LAC 2006  |p 5665508  |r 2025-03-04  |t 1  |w 2025-03-04  |y BK  |k IFP